00663nam a2200229 a 450000100060000000300080000600500170001400800410003103500190007203500120009104000270010304100080013008200260013810000460016424500450021026000600025530000250031565000200034065000200036065000150038065000380039576498BD-RjUL20211209082843.0191211s1959 nyu 000 0 eng d a(BD-RjUL)76721 a2393805 aANLbengcANLdBD-RjUL aeng04223a823.914bSTE 19591 aStewart, Mary Florence Elinor,d1916-201410aNine coaches waiting /cby Mary Stewart. aGarden City, N.Y. :b Nelson Doubleday, Inc., c c1959. a608 pages ; c22 cm. aEnglish fiction aRomance fiction aMiddle age aAmerican wit and humor, Pictorial